| 000 | 00774nam a2200217 a 4500 | ||
|---|---|---|---|
| 001 | 000030716 | ||
| 005 | 20250924073803.0 | ||
| 008 | 110526s1987 dr 000 0 spa d | ||
| 040 |
_aDO-SdBNP _bspa _cBNPHU |
||
| 082 |
_axxxx _bZ887m, 1987 |
||
| 100 | 1 |
_aZorrilla, Mercedes _936378 |
|
| 245 | 1 | 0 |
_aManual de ortografía : _bteoría y práctica / _cMercedes Zorrilla. |
| 250 | _a2a ed. | ||
| 260 |
_aSanto Domingo : _bUniversitaria, _c1987. |
||
| 300 |
_a75 p. ; _c21 cm. |
||
| 490 | 1 |
_aPublicaciones de la Universidad Autónoma de Santo Domingo _v443 |
|
| 504 | _aBibliografía : p. 75 | ||
| 590 | _aPerteneció a la biblioteca personal de Juan Isidro Jimenes Grullón. | ||
| 830 |
_aPublicaciones de la Universidad Autónoma de Santo Domingo _v443 _952 |
||
| 049 | _aBNPD | ||
| 999 |
_c30208 _d30208 |
||